000 00794nam a2200277 a 4500
001 19302
003 BD-RjUL
005 20211209000419.0
008 14023s1951 nyu 000 0 eng
035 _a(DLC)51008900
035 _a(BD-RjUL)19360
040 _aBD-RjUL
_beng
_cBD-RjUL
_dBD-RjUL
041 _aeng
082 _a812.5082
090 _aLCo
245 0 0 _aSix modern American plays /
_cintroduction by Allan G. Halline.
260 0 _aNew York :
_bModern Library ,
_c1951.
300 _a419 p. :
_c19 cm.
650 0 _aAmerican drama
_y20th century.
_951401
830 0 _v276.
_959382
700 1 0 _aHalline, Allan G.
_q(Allan Gates)
_959374
830 0 _aModern library of the world's best books ;
_959383
942 _2ddc
_cBK
999 _c19302
_d19302